[Event "Howard Ridout Swiss"]
[Site "Toronto CAN"]
[Date "2010.09.16"]
[Round "2"]
[White "Siddeley, Hugh"]
[Black "Hall, John"]
[Result "1-0"]
[WhiteElo "2044"]
[BlackElo "2250"]
[PlyCount "116"]
[EventDate "2010.09.09"]
[EventType "swiss"]
[EventRounds "7"]
[EventCountry "CAN"]

1. e4 e5 2. Nf3 Nc6 3. Bb5 a6 4. Ba4 Nf6 5. O-O Be7 6. Re1 b5 7. Bb3 d6 8. c3
O-O 9. h3 Bb7 10. d4 Qd7 11. Nbd2 Rae8 12. Nf1 exd4 13. cxd4 Na5 14. Bc2 d5 15.
e5 Ne4 16. N1d2 f5 17. Nf1 Nc4 18. a3 c5 19. b3 Nb6 20. dxc5 Bxc5 21. Be3 Bxe3
22. Nxe3 Qe6 23. Qd4 Nd7 24. Rad1 Nxe5 25. Nxe5 Qxe5 26. Qxe5 Rxe5 27. f4 Re7
28. Nxd5 Bxd5 29. Rxd5 Rc8 30. Bxe4 fxe4 31. Re3 Rc2 32. Rd4 Rb2 33. a4 h6 34.
axb5 axb5 35. b4 Rc7 36. Rdxe4 Rcc2 37. Rg3 Kf7 38. f5 Rc1+ 39. Kh2 Rf1 40. Rg6
h5 41. Rg5 Rff2 42. Rh4 Kf6 43. Rg6+ Kf7 44. Rxh5 Rxb4 45. Rh7 Rxf5 46. Rhxg7+
Kf8 47. Rb7 Rf7 48. Rb8+ Ke7 49. Rgb6 Rf5 50. R8b7+ Kf8 51. Rh7 Kg8 52. Rd7 Rb2
53. Rbb7 Rff2 54. Rd8+ Rf8 55. Rxf8+ Kxf8 56. h4 Rb3 57. g3 Rb1 58. Kh3 Ke8 1-0

[Event "Howard Ridout Swiss"]
[Site "Toronto CAN"]
[Date "2010.09.16"]
[Round "2"]
[White "Wiebe, Daniel"]
[Black "Song, Michael"]
[Result "0-1"]
[WhiteElo "1900"]
[BlackElo "2054"]
[PlyCount "64"]
[EventDate "2010.09.09"]
[EventType "swiss"]
[EventRounds "7"]
[EventCountry "CAN"]

1. e4 e5 2. Nf3 Nf6 3. d4 Nxe4 4. dxe5 d5 5. Bd3 Nc5 6. O-O Be7 7. Be3 Nxd3 8.
Qxd3 O-O 9. Nc3 c6 10. Nd2 f6 11. f4 b6 12. exf6 Bxf6 13. Nf3 Ba6 14. Qd2 Bxf1
15. Rxf1 Re8 16. Bd4 Bxd4+ 17. Qxd4 Nd7 18. Nd1 Re4 19. Qd2 Qe7 20. Nc3 Qc5+
21. Kh1 Re7 22. b4 Qc4 23. Rd1 Rae8 24. h3 Re3 25. Re1 Qxf4 26. Rxe3 Qxe3 27.
b5 Qxd2 28. Nxd2 d4 29. Nce4 cxb5 30. Nd6 Re2 31. Nb3 Rxc2 32. Nxb5 d3 0-1

[Event "Howard Ridout Swiss"]
[Site "Toronto CAN"]
[Date "2010.09.16"]
[Round "2"]
[White "Zhou, Kevin"]
[Black "Pedersen, Rune"]
[Result "0-1"]
[WhiteElo "1900"]
[BlackElo "2365"]
[PlyCount "112"]
[EventDate "2010.09.09"]
[EventType "swiss"]
[EventRounds "7"]
[EventCountry "CAN"]

1. e4 c5 2. Nf3 Nc6 3. d4 cxd4 4. Nxd4 g6 5. Be2 Nf6 6. Nc3 Bg7 7. Nb3 O-O 8.
Bg5 a5 9. a4 d6 10. O-O Nb4 11. f4 Nd7 12. Bf3 Re8 13. Rb1 Qb6+ 14. Kh1 Nc5 15.
Nd2 Ne6 16. Be2 Nxg5 17. fxg5 Qc5 18. Bc4 Rf8 19. Nd5 Nxd5 20. exd5 Bf5 21. g4
Be4+ 22. Nxe4 Qxc4 23. Rf4 Qc7 24. Nd2 h6 25. h4 hxg5 26. hxg5 Be5 27. Rc4 Qb6
28. Nf3 Kg7 29. Kg2 Rh8 30. Qg1 Qa6 31. Re4 Rac8 32. Qf2 Rc4 33. Qe2 Rhc8 34.
Rxc4 Qxc4 35. Qxc4 Rxc4 36. Nxe5 dxe5 37. Kf3 Rxc2 38. Re1 f6 39. gxf6+ Kxf6
40. Rf1 Rxb2 41. Ke4+ Kg5 42. Kxe5 Re2+ 43. Kd4 Kxg4 44. Rg1+ Kf5 45. Rf1+ Kg5
46. Rg1+ Kf6 47. Rf1+ Kg7 48. Rb1 g5 49. Rxb7 Kf6 50. Rb5 g4 51. Rxa5 g3 52.
Rb5 g2 53. Rb1 Kf5 54. a5 Kf4 55. Ra1 Ra2 56. Rg1 Kf3 0-1

[Event "Howard Ridout Swiss"]
[Site "Toronto CAN"]
[Date "2010.09.23"]
[Round "3"]
[White "Ferreira, Alex"]
[Black "Casareno, Erwin"]
[Result "0-1"]
[WhiteElo "2116"]
[BlackElo "2108"]
[PlyCount "77"]
[EventDate "2010.09.09"]
[EventType "swiss"]
[EventRounds "7"]
[EventCountry "CAN"]

1. d4 d5 2. c4 c6 3. cxd5 cxd5 4. Nc3 Nf6 5. Nf3 Qb6 6. a3 Nc6 7. Bf4 Bg4 8.
Na4 Qd8 9. Rc1 Bxf3 10. exf3 e6 11. Nc5 Bxc5 12. Rxc5 O-O 13. Be2 Qe7 14. b4
Rfc8 15. O-O Nd7 16. Rc2 Qf6 17. Be3 Nb6 18. Qa1 a6 19. Rfc1 h6 20. Qb2 Qe7 21.
Qb3 Na7 22. Rc5 Qd7 23. Bf4 Nc6 24. Be3 Na7 25. h3 Rc6 26. a4 Rac8 27. b5 axb5
28. axb5 R6c7 29. Bf4 Rxc5 30. dxc5 Nc4 31. Bxc4 dxc4 32. Rxc4 Qxb5 33. Qxb5
Nxb5 34. Be3 Na7 35. Rb4 Rc7 36. Ra4 Nc6 37. Ra8+ Kh7 38. Ra4 Ne7 39. Rc4 0-1

[Event "Howard Ridout Swiss"]
[Site "Toronto CAN"]
[Date "2010.09.23"]
[Round "3"]
[White "Krupka, David"]
[Black "Bzikot, Robert"]
[Result "1-0"]
[WhiteElo "1949"]
[BlackElo "2066"]
[PlyCount "67"]
[EventDate "2010.09.09"]
[EventType "swiss"]
[EventRounds "7"]
[EventCountry "CAN"]

1. d4 f5 2. g3 Nf6 3. Bg2 g6 4. c4 Bg7 5. Nc3 d6 6. Nh3 O-O 7. d5 c6 8. Nf4 Bd7
9. e3 Na6 10. O-O Nc7 11. Qd3 Rb8 12. b3 b5 13. Rb1 bxc4 14. bxc4 Rxb1 15. Qxb1
cxd5 16. cxd5 Qb8 17. Bd2 g5 18. Nfe2 Na6 19. Nd4 Nc5 20. Qc2 a6 21. Rb1 Qc7
22. Qb2 Qd8 23. Qb6 Qe8 24. Nb3 Nxb3 25. Rxb3 Bc8 26. Bf1 Qf7 27. Qc6 Ne4 28.
Nxe4 fxe4 29. Be1 Qf6 30. Rb8 Bg4 31. Rxf8+ Kxf8 32. Qxa6 Qa1 33. Qa5 Bh5 34.
Qd2 1-0

[Event "Howard Ridout Swiss"]
[Site "Toronto CAN"]
[Date "2010.09.23"]
[Round "3"]
[White "Nasirov, Ilyas"]
[Black "Moffat, Andrei"]
[Result "1/2-1/2"]
[WhiteElo "1949"]
[BlackElo "2290"]
[PlyCount "73"]
[EventDate "2010.09.09"]
[EventType "swiss"]
[EventRounds "7"]
[EventCountry "CAN"]

1. d4 d5 2. c4 Nc6 3. Nc3 dxc4 4. e3 e5 5. d5 Nce7 6. Bxc4 Nf6 7. e4 Ng6 8. Nf3
Bd6 9. O-O a6 10. Qc2 O-O 11. Be2 Qe7 12. Be3 Bd7 13. Rac1 Nh5 14. Bg5 f6 15.
Nd2 fxg5 16. Bxh5 Nf4 17. Be2 b5 18. Nb3 Rf6 19. Nd1 Rc8 20. Ne3 h5 21. a4 bxa4
22. Na5 Nxe2+ 23. Qxe2 g6 24. Nc6 Qf7 25. Rc2 Rf4 26. Nc4 Qf6 27. Nxd6 cxd6 28.
Rc4 g4 29. Rxa4 a5 30. Ra3 g5 31. g3 Rf3 32. Rxa5 Rb3 33. Ra3 Rb6 34. Ra7 Rc7
35. b4 Qf3 36. Qxf3 gxf3 37. Rb1 1/2-1/2

[Event "Howard Ridout Swiss"]
[Site "Toronto CAN"]
[Date "2010.09.23"]
[Round "3"]
[White "Pedersen, Rune"]
[Black "Song, Michael"]
[Result "0-1"]
[WhiteElo "2365"]
[BlackElo "2054"]
[PlyCount "88"]
[EventDate "2010.09.09"]
[EventType "swiss"]
[EventRounds "7"]
[EventCountry "CAN"]

1. e4 e5 2. Nf3 Nf6 3. Nc3 Nc6 4. g3 Bc5 5. Bg2 d6 6. d3 h6 7. Na4 Bb6 8. Nxb6
axb6 9. c4 Bg4 10. Be3 Qe7 11. h3 Bxf3 12. Qxf3 Nd7 13. Qd1 Nc5 14. a3 Ne6 15.
O-O Ned4 16. f4 O-O 17. b4 Ra7 18. b5 Nb8 19. Bxd4 exd4 20. Qh5 Nd7 21. Qd5 Nc5
22. Rad1 Rxa3 23. Qxd4 f6 24. Qd5+ Qf7 25. e5 Qxd5 26. Bxd5+ Kh8 27. d4 Na4 28.
Ra1 Rxa1 29. Rxa1 Nc3 30. e6 Nxd5 31. cxd5 Kg8 32. Kf2 Rc8 33. Ra7 Rb8 34. Kf3
h5 35. g4 hxg4+ 36. Kxg4 g6 37. h4 Kg7 38. f5 gxf5+ 39. Kxf5 Rh8 40. Kg4 f5+
41. Kg5 Rf8 42. Rxb7 f4 43. Rxc7+ Kg8 44. Rf7 f3 0-1

[Event "Howard Ridout Swiss"]
[Site "Toronto CAN"]
[Date "2010.09.23"]
[Round "3"]
[White "Picana, Andrew"]
[Black "Southam, David"]
[Result "0-1"]
[WhiteElo "2152"]
[BlackElo "2142"]
[PlyCount "85"]
[EventDate "2010.09.09"]
[EventType "swiss"]
[EventRounds "7"]
[EventCountry "CAN"]

1. e4 e6 2. c4 d5 3. exd5 exd5 4. d4 Bb4+ 5. Nc3 Ne7 6. a3 Bxc3+ 7. bxc3 O-O 8.
Nf3 Re8 9. Be3 Nbc6 10. Be2 dxc4 11. O-O Be6 12. Re1 Bd5 13. Qa4 a6 14. Bg5 f6
15. Bf4 b5 16. Qc2 Qd7 17. a4 Na5 18. Nd2 Nb3 19. Ra2 c6 20. h3 Qf5 21. Be3 Qg6
22. Qxg6 hxg6 23. g4 g5 24. Nf1 Ng6 25. f3 Re7 26. axb5 cxb5 27. Kf2 a5 28. Ng3
Rae8 29. Nf5 Re6 30. Rb1 a4 31. Rh1 Nh4 32. Nxh4 Rxe3 33. Nf5 Rxc3 34. Nd6 Rb8
35. Nf5 Be6 36. Ne7+ Kf7 37. Nc6 Rb6 38. d5 Bxd5 39. Nb4 Be6 40. Rd1 Ke7 41.
Bf1 Rd6 42. Re1 Kf7 43. Rae2 0-1

[Event "Howard Ridout Swiss"]
[Site "Toronto CAN"]
[Date "2010.09.30"]
[Round "4"]
[White "Lamb, Bryan"]
[Black "Nasirov, Ilyas"]
[Result "0-1"]
[WhiteElo "2180"]
[BlackElo "1949"]
[PlyCount "52"]
[EventDate "2010.09.09"]
[EventType "swiss"]
[EventRounds "7"]
[EventCountry "CAN"]

1. c4 e6 2. Nf3 d5 3. b3 Nf6 4. Bb2 Be7 5. g3 O-O 6. Bg2 c5 7. O-O Nc6 8. cxd5
exd5 9. d4 b6 10. Nbd2 Ba6 11. Re1 Re8 12. Ne5 Nxd4 13. Bxd4 cxd4 14. Nc6 Qd7
15. Nxd4 Bb4 16. Rc1 Ne4 17. Bxe4 dxe4 18. e3 Rad8 19. Kg2 Bc8 20. Kh1 Qh3 21.
Re2 Bg4 22. f3 exf3 23. Rf2 Qg2+ 24. Rxg2 fxg2+ 25. Kxg2 Bxd1 26. Rxd1 Rxe3 0-1

[Event "Howard Ridout Swiss"]
[Site "Toronto CAN"]
[Date "2010.09.30"]
[Round "4"]
[White "Moffat, Andrei"]
[Black "Zhou, Kevin"]
[Result "1-0"]
[WhiteElo "2290"]
[BlackElo "1900"]
[PlyCount "56"]
[EventDate "2010.09.09"]
[EventType "swiss"]
[EventRounds "7"]
[EventCountry "CAN"]

1. d4 Nf6 2. Nc3 g6 3. e4 d6 4. Be3 Bg7 5. Qd2 Ng4 6. Bg5 h6 7. Bh4 c6 8. h3
Nf6 9. f4 b5 10. Bd3 b4 11. Nce2 c5 12. Nf3 Bb7 13. Bxf6 exf6 14. O-O O-O 15.
Ng3 Re8 16. f5 Qc7 17. fxg6 fxg6 18. Nh4 c4 19. Nxg6 cxd3 20. cxd3 d5 21. Nh5
Nd7 22. e5 fxe5 23. Rf3 e4 24. Rg3 Bxd4+ 25. Kh1 Kh7 26. Rf1 Nf6 27. Rxf6 e3
28. Qe2 Qxg3 1-0

[Event "Howard Ridout Swiss"]
[Site "Toronto CAN"]
[Date "2010.09.30"]
[Round "4"]
[White "Pedersen, Rune"]
[Black "Krupka, David"]
[Result "1-0"]
[WhiteElo "2365"]
[BlackElo "1949"]
[PlyCount "42"]
[EventDate "2010.09.09"]
[EventType "swiss"]
[EventRounds "7"]
[EventCountry "CAN"]

1. e4 c6 2. Nc3 d5 3. Nf3 dxe4 4. Nxe4 Nf6 5. Nxf6+ exf6 6. d4 Bd6 7. Bd3 O-O
8. O-O Be6 9. Be3 Nd7 10. c4 Re8 11. Qd2 Bg4 12. Nh4 g6 13. h3 f5 14. Bg5 Be7
15. f4 Bh5 16. Bxf5 gxf5 17. Nxf5 f6 18. Bh4 Bf8 19. Rae1 Qb6 20. c5 Qc7 21. d5
Bf7 1-0

[Event "Howard Ridout Swiss"]
[Site "Toronto CAN"]
[Date "2010.09.30"]
[Round "4"]
[White "Picana, Andrew"]
[Black "Sharpe, Sam"]
[Result "1/2-1/2"]
[WhiteElo "2152"]
[BlackElo "1972"]
[PlyCount "72"]
[EventDate "2010.09.09"]
[EventType "swiss"]
[EventRounds "7"]
[EventCountry "CAN"]

1. c4 e6 2. Nc3 d5 3. d4 c5 4. Nf3 Nc6 5. e3 Nf6 6. Bd3 dxc4 7. Bxc4 Be7 8. O-O
O-O 9. a3 a6 10. dxc5 Qxd1 11. Rxd1 Bxc5 12. b4 Be7 13. Bb2 b5 14. Bd3 Bb7 15.
Rac1 Rfd8 16. Ne2 Rac8 17. h3 h6 18. Nf4 Nd5 19. Nxd5 Rxd5 20. Be4 Rdd8 21.
Bxc6 Rxd1+ 22. Rxd1 Bxc6 23. Rc1 Bb7 24. Rxc8+ Bxc8 25. Nd2 Bb7 26. Nb3 f5 27.
Nc5 Bxc5 28. bxc5 Kf7 29. g3 g6 30. Kf1 Ke7 31. Ke2 Kd7 32. Bg7 h5 33. Kd3 Bg2
34. h4 Kc6 35. Kd4 a5 36. Bf8 Bd5 1/2-1/2

[Event "Howard Ridout Swiss"]
[Site "Toronto CAN"]
[Date "2010.09.30"]
[Round "4"]
[White "Song, Michael"]
[Black "Casareno, Erwin"]
[Result "1-0"]
[WhiteElo "2054"]
[BlackElo "2108"]
[PlyCount "55"]
[EventDate "2010.09.09"]
[EventType "swiss"]
[EventRounds "7"]
[EventCountry "CAN"]

1. e4 c5 2. d4 cxd4 3. c3 dxc3 4. Nxc3 Nc6 5. Bc4 e6 6. Nf3 Qc7 7. Nb5 Qb8 8.
O-O a6 9. Nbd4 Nf6 10. Re1 b5 11. Nxc6 dxc6 12. Bb3 Bb4 13. Bd2 Bxd2 14. Qxd2
O-O 15. e5 Nd5 16. Bc2 Qc7 17. Re4 f5 18. Rh4 Qe7 19. g4 Bd7 20. Kh1 Be8 21.
Rg1 Rd8 22. gxf5 exf5 23. Qh6 g6 24. Ng5 Rd7 25. e6 Rc7 26. Nf7 Rxf7 27. Rxg6+
Rg7 28. Qxh7+ 1-0

[Event "Howard Ridout Swiss"]
[Site "Toronto CAN"]
[Date "2010.09.30"]
[Round "4"]
[White "Wu, Kevin"]
[Black "Ferreira, Alex"]
[Result "1/2-1/2"]
[WhiteElo "1941"]
[BlackElo "2116"]
[PlyCount "42"]
[EventDate "2010.09.09"]
[EventType "swiss"]
[EventRounds "7"]
[EventCountry "CAN"]

1. e4 e5 2. Nf3 Nc6 3. Bb5 Nf6 4. O-O Nxe4 5. Re1 Nd6 6. Nxe5 Nxe5 7. Rxe5+ Be7
8. Ba4 O-O 9. d4 Nc4 10. Re1 d5 11. c3 Bf5 12. Nd2 Nd6 13. Bc2 Bxc2 14. Qxc2 c6
15. Nf1 Qd7 16. Ng3 Rae8 17. Bf4 Qg4 18. Rxe7 Qxf4 19. Rae1 Qg5 20. Rxe8 Rxe8
21. Rxe8+ Nxe8 1/2-1/2

[Event "Howard Ridout Swiss"]
[Site "Toronto CAN"]
[Date "2010.10.14"]
[Round "5"]
[White "Bzikot, Robert"]
[Black "Sharpe, Sam"]
[Result "1-0"]
[WhiteElo "2066"]
[BlackElo "1972"]
[PlyCount "75"]
[EventDate "2010.09.09"]
[EventType "swiss"]
[EventRounds "7"]
[EventCountry "CAN"]

1. e4 e6 2. d4 d5 3. Nc3 Nf6 4. e5 Nfd7 5. Nf3 c5 6. dxc5 Nc6 7. Bf4 Bxc5 8.
Bd3 a6 9. O-O b5 10. Re1 Nf8 11. Bg3 Ng6 12. Qe2 Bb7 13. Rad1 Nb4 14. Bxb5+ Bc6
15. Bxc6+ Nxc6 16. Ne4 Qb6 17. Nd6+ Bxd6 18. exd6 Qxb2 19. Rxd5 O-O 20. Rd2
Qxa2 21. Qe4 Na7 22. d7 Qa5 23. Qb7 e5 24. Red1 Nb5 25. Bxe5 Nxe5 26. Qxa8 Nxd7
27. Qd5 Nf6 28. Qe5 Qb6 29. c4 Nc7 30. Rd6 Qb8 31. Qe7 Nfe8 32. Rd8 Qb6 33. h4
Qc6 34. Ne5 Qa4 35. R1d7 Qa1+ 36. Kh2 Qe1 37. Rxc7 Qxf2 38. Nf3 1-0

[Event "Howard Ridout Swiss"]
[Site "Toronto CAN"]
[Date "2010.10.14"]
[Round "5"]
[White "Casareno, Erwin"]
[Black "Nasirov, Ilyas"]
[Result "1-0"]
[WhiteElo "2108"]
[BlackElo "1949"]
[PlyCount "87"]
[EventDate "2010.09.09"]
[EventType "swiss"]
[EventRounds "7"]
[EventCountry "CAN"]

1. e4 e6 2. d4 d5 3. Nc3 dxe4 4. Nxe4 Nd7 5. Nf3 Ngf6 6. Bd3 Nxe4 7. Bxe4 Nf6
8. Bd3 Be7 9. O-O O-O 10. c4 b6 11. Ne5 Bb7 12. Be3 Rc8 13. Qc2 c5 14. Rad1
cxd4 15. Bxd4 Qc7 16. Bc3 h6 17. Qe2 Rfd8 18. Rfe1 Bd6 19. Rd2 Qe7 20. a3 a5
21. Qe3 Bc5 22. Qh3 Nd7 23. Nxd7 Rxd7 24. Qg4 f5 25. Bxf5 Rxd2 26. Bxe6+ Kh8
27. Bxd2 Rf8 28. Re2 Qd6 29. Bf5 Qf6 30. Bc3 Qf7 31. Qg6 Qxg6 32. Bxg6 Kg8 33.
b4 axb4 34. axb4 Bd6 35. Re6 Rd8 36. Re8+ Rxe8 37. Bxe8 Ba6 38. b5 Bc8 39. Bd4
Bc7 40. c5 bxc5 41. Bxc5 g5 42. Bc6 Kg7 43. Ba7 Kg6 44. b6 1-0

[Event "Howard Ridout Swiss"]
[Site "Toronto CAN"]
[Date "2010.10.14"]
[Round "5"]
[White "Ferreira, Alex"]
[Black "Abrahams, Daniel"]
[Result "1/2-1/2"]
[WhiteElo "2116"]
[BlackElo "2098"]
[PlyCount "44"]
[EventDate "2010.09.09"]
[EventType "swiss"]
[EventRounds "7"]
[EventCountry "CAN"]

1. c4 Nf6 2. Nc3 e6 3. e4 c5 4. Nf3 Nc6 5. g3 d5 6. cxd5 exd5 7. exd5 Nxd5 8.
Bg2 Be7 9. O-O O-O 10. a3 Be6 11. d3 Rc8 12. Ne4 Re8 13. Neg5 Bf5 14. Nh4 Bxg5
15. Nxf5 Bxc1 16. Rxc1 b6 17. Qg4 g6 18. Qc4 gxf5 19. Qxd5 Qxd5 20. Bxd5 Nd4
21. Kg2 Rcd8 22. Bc4 a5 1/2-1/2

[Event "Howard Ridout Swiss"]
[Site "Toronto CAN"]
[Date "2010.10.14"]
[Round "5"]
[White "Krupka, David"]
[Black "Hall, John"]
[Result "1/2-1/2"]
[WhiteElo "1949"]
[BlackElo "2250"]
[PlyCount "73"]
[EventDate "2010.09.09"]
[EventType "swiss"]
[EventRounds "7"]
[EventCountry "CAN"]

1. d4 Nf6 2. c4 e6 3. Nc3 Bb4 4. Bg5 h6 5. Bh4 c5 6. d5 Bxc3+ 7. bxc3 d6 8. e3
Qe7 9. Bd3 e5 10. e4 Nbd7 11. f3 Nf8 12. Ne2 Ng6 13. Bf2 Nh5 14. g3 Bh3 15. Rg1
Nf6 16. Be3 h5 17. Bg5 Qc7 18. Qd2 Nh7 19. Be3 Qe7 20. O-O-O Bd7 21. Rde1 a6
22. f4 b5 23. f5 Ngf8 24. h3 bxc4 25. Bc2 f6 26. h4 g5 27. Kb1 g4 28. Ka1 Kd8
29. Rb1 Bb5 30. a4 Qa7 31. Kb2 Be8 32. Kc1 Rb8 33. Qd1 Rg8 34. Kd2 Rxb1 35.
Qxb1 Rg7 36. Qa2 Qb7 37. Qxc4 1/2-1/2

[Event "Howard Ridout Swiss"]
[Site "Toronto CAN"]
[Date "2010.10.14"]
[Round "5"]
[White "Southam, David"]
[Black "Song, Michael"]
[Result "1-0"]
[WhiteElo "2142"]
[BlackElo "2054"]
[PlyCount "93"]
[EventDate "2010.09.09"]
[EventType "swiss"]
[EventRounds "7"]
[EventCountry "CAN"]

1. d4 d5 2. c4 e6 3. Nf3 Nf6 4. g3 Be7 5. Bg2 O-O 6. O-O c6 7. Nbd2 Nbd7 8. Qc2
b6 9. e4 dxe4 10. Nxe4 Nxe4 11. Qxe4 Ba6 12. b3 Rc8 13. Bb2 Nf6 14. Qe2 c5 15.
Rfe1 Re8 16. Rad1 Qc7 17. dxc5 bxc5 18. Ne5 Bb7 19. Ng4 Nxg4 20. Qxg4 Bf8 21.
Be5 Qb6 22. Bxb7 Qxb7 23. Rd2 Rcd8 24. Red1 Rxd2 25. Rxd2 Qc8 26. Qd1 Be7 27.
Qa1 f6 28. Bc3 Rd8 29. Qd1 Rxd2 30. Qxd2 Kf7 31. h4 Qc6 32. Qd3 g6 33. h5 Qd6
34. hxg6+ hxg6 35. Qxd6 Bxd6 36. Kg2 Be7 37. a3 Ke8 38. b4 Kd7 39. b5 Bd8 40.
a4 e5 41. Kf3 Ke6 42. Ke2 f5 43. f3 Be7 44. a5 Kd6 45. f4 exf4 46. gxf4 Kd7 47.
Kf3 1-0

[Event "Howard Ridout Swiss"]
[Site "Toronto CAN"]
[Date "2010.10.21"]
[Round "6"]
[White "Abrahams, Daniel"]
[Black "Casareno, Erwin"]
[Result "1-0"]
[WhiteElo "2098"]
[BlackElo "2108"]
[PlyCount "101"]
[EventDate "2010.09.09"]
[EventType "swiss"]
[EventRounds "7"]
[EventCountry "CAN"]

1. e4 d5 2. exd5 Qxd5 3. Nf3 Bg4 4. Be2 Nf6 5. O-O e6 6. c4 Qa5 7. d4 Nbd7 8.
Nc3 c6 9. Ne5 Bxe2 10. Qxe2 Bd6 11. Re1 O-O 12. Bf4 Bb4 13. Rac1 Rad8 14. a3
Bxc3 15. Rxc3 Nxe5 16. dxe5 Ne8 17. b4 Qc7 18. Qg4 Rd4 19. g3 b6 20. h4 Kh8 21.
h5 h6 22. Qe2 Qd8 23. Rcc1 Nc7 24. Rcd1 b5 25. Be3 Rxd1 26. Rxd1 Qb8 27. Rd7
bxc4 28. Bc5 Rd8 29. Rxf7 Nb5 30. Be7 Kg8 31. Qf3 Rd1+ 32. Kg2 Qxe5 33. Rf8+
Kh7 34. Qxd1 Qd5+ 35. Qxd5 exd5 36. Rc8 d4 37. Kf3 c3 38. Rxc6 d3 39. Ke3 d2
40. Ke2 Nd4+ 41. Kd1 Nxc6 42. Bc5 a6 43. a4 g5 44. b5 axb5 45. axb5 Na5 46. Bb4
c2+ 47. Kxc2 Nb3 48. b6 Kg8 49. b7 Nd4+ 50. Kxd2 Nc6 51. Bd6 1-0

[Event "Howard Ridout Swiss"]
[Site "Toronto CAN"]
[Date "2010.10.21"]
[Round "6"]
[White "Bzikot, Robert"]
[Black "Moffat, Andrei"]
[Result "1/2-1/2"]
[WhiteElo "2066"]
[BlackElo "2290"]
[PlyCount "62"]
[EventDate "2010.09.09"]
[EventType "swiss"]
[EventRounds "7"]
[EventCountry "CAN"]

1. e4 c5 2. Nc3 a6 3. g3 b5 4. Bg2 Bb7 5. d3 e6 6. Be3 Nc6 7. f4 h5 8. h3 Qb6
9. Nf3 Nge7 10. O-O Ng6 11. f5 Nge5 12. fxe6 dxe6 13. Rb1 O-O-O 14. b4 Nc4 15.
Bf2 Qc7 16. bxc5 N6e5 17. Qc1 Bxc5 18. dxc4 Bxf2+ 19. Rxf2 Nxc4 20. Qe1 Qxg3
21. a4 g5 22. Re2 Qf4 23. Qc1 Qxc1+ 24. Rxc1 b4 25. Nd1 g4 26. hxg4 hxg4 27.
Nh2 Ne5 28. Ne3 Rh5 29. Rf1 Bc6 30. Rf4 Bxa4 31. Nhxg4 f5 1/2-1/2

[Event "Howard Ridout Swiss"]
[Site "Toronto CAN"]
[Date "2010.10.21"]
[Round "6"]
[White "Ferreira, Alex"]
[Black "Picana, Andrew"]
[Result "0-1"]
[WhiteElo "2116"]
[BlackElo "2152"]
[PlyCount "102"]
[EventDate "2010.09.09"]
[EventType "swiss"]
[EventRounds "7"]
[EventCountry "CAN"]

1. d4 d5 2. c4 e6 3. Nc3 f5 4. g3 Nf6 5. Bg2 c6 6. Bf4 Be7 7. Nf3 O-O 8. O-O
Qe8 9. Rc1 Qh5 10. e3 Ne4 11. Ne1 Qxd1 12. Rxd1 Nxc3 13. bxc3 Nd7 14. cxd5 exd5
15. Nf3 Nb6 16. h4 Nc4 17. Ne5 Nd6 18. Rd2 Bf6 19. Nd3 Ne4 20. Re2 Re8 21. Rb1
h6 22. h5 b6 23. Ree1 Be6 24. Nb2 Nd2 25. Rbc1 Bf7 26. c4 Rac8 27. cxd5 cxd5
28. Red1 Ne4 29. Bf3 Be7 30. Nd3 Ba3 31. Ra1 Rc2 32. Ne1 Rxf2 33. Rd3 Bb4 34.
Bxe4 fxe4 35. Rb3 Bxe1 36. Rxe1 Rxa2 37. g4 Rc8 38. Rbb1 Rcc2 39. Ra1 Rxa1 40.
Rxa1 a5 41. Rb1 Rc6 42. Bb8 Be8 43. Ba7 b5 44. Bc5 Ra6 45. Rf1 Bf7 46. Ra1 Be6
47. g5 hxg5 48. Be7 Bg4 49. Bxg5 b4 50. h6 gxh6 51. Bd8 Bd7 0-1

[Event "Howard Ridout Swiss"]
[Site "Toronto CAN"]
[Date "2010.10.21"]
[Round "6"]
[White "Guo, Joshua"]
[Black "Krupka, David"]
[Result "1/2-1/2"]
[WhiteElo "2204"]
[BlackElo "1949"]
[PlyCount "78"]
[EventDate "2010.09.09"]
[EventType "swiss"]
[EventRounds "7"]
[EventCountry "CAN"]

1. e4 c6 2. d4 d5 3. Nc3 dxe4 4. Nxe4 Nf6 5. Nxf6+ exf6 6. Bc4 Qe7+ 7. Qe2 Be6
8. Bb3 Bd5 9. f3 Bxb3 10. axb3 Qxe2+ 11. Nxe2 Bb4+ 12. Kf2 O-O 13. Bf4 Re8 14.
Ng3 Nd7 15. Nf5 Nf8 16. c3 Ne6 17. Bd6 Bxd6 18. Nxd6 Re7 19. g3 Rd7 20. Nf5 a6
21. b4 Nc7 22. Rhe1 Kf8 23. Ne3 Re8 24. Nc4 Re6 25. Nb6 Rde7 26. Na4 Rxe1 27.
Rxe1 Rxe1 28. Kxe1 Ne6 29. Nc5 Nd8 30. Kd2 Ke7 31. Kd3 Kd6 32. Ke4 g6 33. h4
f5+ 34. Ke3 h6 35. Kd3 f6 36. Ke3 g5 37. h5 b6 38. Nxa6 Ne6 39. f4 Ng7 1/2-1/2

[Event "Howard Ridout Swiss"]
[Site "Toronto CAN"]
[Date "2010.10.21"]
[Round "6"]
[White "Southam, David"]
[Black "Pedersen, Rune"]
[Result "1/2-1/2"]
[WhiteElo "2142"]
[BlackElo "2365"]
[PlyCount "45"]
[EventDate "2010.09.09"]
[EventType "swiss"]
[EventRounds "7"]
[EventCountry "CAN"]

1. d4 Nf6 2. c4 e6 3. g3 d5 4. Nf3 Be7 5. Bg2 O-O 6. O-O a6 7. Qc2 dxc4 8. Qxc4
b5 9. Qc2 Bb7 10. Bd2 Be4 11. Qc1 Qc8 12. Nc3 Bb7 13. Qc2 c5 14. Rac1 cxd4 15.
Nxd4 Bxg2 16. Kxg2 Qb7+ 17. f3 Rc8 18. Qb1 Nc6 19. Nxc6 Rxc6 20. Ne4 Rcc8 21.
Nxf6+ Bxf6 22. Rxc8+ Rxc8 23. Rc1 1/2-1/2

[Event "Howard Ridout Swiss U1700"]
[Site "Toronto CAN"]
[Date "2010.09.09"]
[Round "1"]
[White "Azizi, Hamid"]
[Black "Roy, Harrison"]
[Result "1-0"]
[WhiteElo "1545"]
[BlackElo "909"]
[PlyCount "51"]
[EventDate "2010.09.09"]
[EventType "swiss"]
[EventRounds "6"]
[EventCountry "CAN"]

1. e4 e5 2. Nf3 Nf6 3. d3 Nc6 4. c3 Be7 5. Be2 O-O 6. Nbd2 d6 7. d4 Bd7 8. d5
Na5 9. b4 b6 10. bxa5 bxa5 11. O-O Rb8 12. h3 c6 13. c4 Rb6 14. Bd3 c5 15. Nb1
a4 16. Nc3 Rb4 17. Ba3 Rb7 18. Be2 Qa5 19. Qd3 h6 20. Bc1 Rfb8 21. Bd2 Rb2 22.
Nxa4 Bxa4 23. Bxa5 Bc2 24. Qe3 Rb1 25. Nd2 Rxa1 26. Rxa1 1-0

[Event "Howard Ridout Swiss U1700"]
[Site "Toronto CAN"]
[Date "2010.09.09"]
[Round "1"]
[White "Moffat, Anthony"]
[Black "Philip, Andrew"]
[Result "0-1"]
[WhiteElo "1409"]
[BlackElo "1588"]
[PlyCount "66"]
[EventDate "2010.09.09"]
[EventType "swiss"]
[EventRounds "6"]
[EventCountry "CAN"]

1. e4 d5 2. exd5 Qxd5 3. Be2 Nf6 4. Nf3 Bg4 5. Nc3 Qd6 6. h3 Bh5 7. d4 c6 8.
Be3 e6 9. Qd2 Qc7 10. Bg5 Be7 11. g4 Bg6 12. Ne5 Nbd7 13. Nxg6 hxg6 14. Bf4 Bd6
15. Bxd6 Qxd6 16. g5 Nd5 17. O-O-O O-O-O 18. Ne4 Qc7 19. Bc4 Rh4 20. Bxd5 cxd5
21. Nc3 a6 22. f3 Rdh8 23. Qg2 Qf4+ 24. Kb1 R8h5 25. Rh2 Rxg5 26. Qf1 Qxh2 27.
Na4 Rxd4 28. Re1 Rxa4 29. b3 Rh4 30. Qd3 Qc7 31. Qe3 Re5 32. Qf2 Rxe1+ 33. Qxe1
Rxh3 0-1

[Event "Howard Ridout Swiss U1700"]
[Site "Toronto CAN"]
[Date "2010.09.09"]
[Round "1"]
[White "Pishdad, Hassan"]
[Black "Karpik, Steve"]
[Result "0-1"]
[WhiteElo "1322"]
[BlackElo "1581"]
[PlyCount "93"]
[EventDate "2010.09.09"]
[EventType "swiss"]
[EventRounds "6"]
[EventCountry "CAN"]

1. d4 Nf6 2. c4 d6 3. Nf3 g6 4. g3 Bg7 5. Bg2 c6 6. O-O O-O 7. Nc3 Na6 8. h3 d5
9. cxd5 Nxd5 10. e3 Nxc3 11. bxc3 Nc7 12. a4 Bd7 13. Ba3 Re8 14. c4 Qc8 15. Kh2
Rb8 16. Rb1 Bf5 17. Ra1 Na6 18. Ng5 h6 19. Ne4 Nc7 20. Bb2 Na6 21. Qb3 b6 22.
Rab1 c5 23. d5 Qc7 24. Bxg7 Kxg7 25. Qc3+ Kh7 26. Rbd1 Bxe4 27. Bxe4 Rbd8 28.
Bg2 e5 29. dxe6 Rxe6 30. Bd5 Red6 31. e4 Re8 32. Qf3 Re7 33. Qg2 Nb4 34. f4
Nxd5 35. exd5 Qd7 36. Qc2 Qe8 37. Rf2 f5 38. h4 h5 39. Kh3 Re4 40. Ra1 Qh8 41.
Qb2 Qxb2 42. Rxb2 Rxc4 43. Re1 Rxa4 44. Rd2 Re4 45. Rc1 c4 46. Rc3 b5 47. Rb2
0-1